000 00841nam a2200253Ia 4500
003 OSt
005 20220925194124.0
006 a|||||r|||| 00| 0
007 ta
008 220923b |||||||| |||| 00| 0 eng d
020 _a9781107620490
_c3038.3699999999999
037 _b2632, 19/08/2014, VIBHA BOOKS INTERNATIONAL
_cGeneral Book
040 _aRTL
_cRTL
_beng
041 _2eng
_aeng
082 _aU287, Q4
100 _aBARRY Roger G.
_9250381
245 0 _aEssentials of the earth's climate system
260 _aCambridge
_bCambridge University Press USA
_c2014
300 _axii, 259p
_ccm.
650 _aGeography
700 _a HALL- MCKIM Eileen A.
_9250382
942 _hU287, Q4
_cGB
_2CC
999 _c528315
_d528315